Kvóty pre pohlavia: Motív a čin

Bibliographic Details
Main Author: Lipšic, Daniel, 1973- (Author)
Format: Article
Language:Slovak
ISSN:1335-440X
Subjects:

MARC

LEADER 00000nab a2200000 a 4500
001 vtls000867182
003 SK-MaSNL
005 20260302161505.0
008 180206c2004 xo 0 slo
015 |a SNBRB2004/03-09396 
035 |a CLN000218734 
040 |a SNKBUCL  |b slo  |c SNKBUCL  |e AACR2 
041 0 |a slo 
044 |a xo  |c SK 
080 |a 32-055.2  |2 UDC-MRF-SK2 
080 |a 396.9(437.6)  |2 UDC-MRF-SK2 
100 1 |a Lipšic, Daniel,  |d 1973-  |4 aut  |9 22372 
245 1 0 |a Kvóty pre pohlavia: Motív a čin  |c Daniel Lipšic 
650 0 7 |a politika  |x ženy  |2 snkbucl  |9 840699 
650 0 7 |a ženy  |x politika  |x kvóty  |x polemiky  |2 snkbucl  |9 859466 
655 7 |a články z novín a časopisov  |2 snkbucl  |9 267496 
773 0 |x 1335-440X  |t Sme  |g Roč. 12, č. 57 (9.3.2004), s. 12 
850 |a Slovenská národná knižnica v Martine 
852 |a SNK  |b KIS3GCP 
958 |a RBX 
999 |c 1377498  |d 1379428